000 00925aab a2200241 i 4500
001 768714001
003 CO-MdFUSB
005 20240709121753.0
008 240709t2000 sz ||||| |||| 00| 0 eng d
040 _bspa
_cCO-MdFUSB
041 _aeng
100 1 _aHollenweger, Walter J. (1927- )
_eautor
245 _aConflict in Corinth
_c/ Walter J. Hollenweger
520 _aEsta es una versión abreviada de la historia "Conflicto en Corinto", publicada originalmente en Walter J Hollenweger, Conflicto en Corinto y Memorias de un anciano (Nueva York: Paulist Press, 1982).
546 _aTexto en inglés.
600 _ym
650 0 _aMisiones
_9154
650 2 _aConversión
_xRelatos personales
_9949
650 0 _aVida cristiana
_919
773 0 _tReformed World
_049396
_959519
_gVolumen 50, (número 4, 2000) páginas: 160 - 172
_qpágina: 160
942 _cANA
945 _aCatherine Arias Álvarez - Practicante SENA
999 _c55583
_d55583